00826nam a2200253 a 450000100060000000300090000600800410001501500210005602000180007704000280009504300180012308200210014110000270016224501000018925000120028926000310030130000200033250000330035250400340038565000430041965000280046265000370049065000450052724870CO-ViMGA141112s2004 ck r 000 u spa d ack - 2009 - xxxx a9789586537933 aCO-ViMGAbspacCO-ViMGA as - ck - - - 04a342.8610684 O88d1 aOssa Arbeláez, Jaime10aDerecho administrativo sancionador : buna aproximación dogmática / cJaime Ossa Arbeláez a2a. ed. aBogotá : bLegis, c2009 a803 p. ; 24 cm. aIncluye índice analítico aBibliografía : p. 779 - 80114aAdministración pública - Colombia 14aDerecho administrativo 14aFunción pública - - Colombia14aProcedimiento administrativo - Colombia